Normal view
MARC view
Entry Personal Name
001 - CONTROL NUMBER
- control field: 18047
003 - CONTROL NUMBER IDENTIFIER
- control field: BD-RjUL
005 - DATE AND TIME OF LATEST TRANSACTION
- control field: 20260407121241.0
008 - FIXED-LENGTH DATA ELEMENTS
- fixed length control field: 260407|| aca||aabn | a|a d
040 ## - CATALOGING SOURCE
- Original cataloging agency: BD-RjUL
- Transcribing agency: BD-RjUL
100 ## - HEADING--PERSONAL NAME
- Personal name: Shahidullah, M. Co-Sopervisor
670 ## - SOURCE DATA FOUND
- Source citation: Work cat.: (BD-RjUL)86330: Jakir, Researcher 18044, Identifying Challenges and Developing an Effective Curriculum for Teaching English Pronuciation in Bangladesh /, 2023